Scholastic book files: (Record no. 287856)
[ view plain ]
| 000 -LEADER | |
|---|---|
| fixed length control field | 00496nam a2200145Ia 4500 |
| 008 - FIXED-LENGTH DATA ELEMENTS--GENERAL INFORMATION | |
| fixed length control field | 150610s9999 xx 000 0 und d |
| 020 ## - INTERNATIONAL STANDARD BOOK NUMBER | |
| International Standard Book Number | 439463564 |
| 050 ## - LIBRARY OF CONGRESS CALL NUMBER | |
| Classification number | PS3562 |
| Item number | .O923 G5837 2003 |
| 100 ## - MAIN ENTRY--PERSONAL NAME | |
| Personal name | Lowry, Lois |
| 245 ## - TITLE STATEMENT | |
| Title | Scholastic book files: |
| Remainder of title | a reading guide to the giver / |
| Statement of responsibility, etc | by Lois Lowry. |
| 260 ## - PUBLICATION, DISTRIBUTION, ETC. (IMPRINT) | |
| Place of publication, distribution, etc | New York : |
| Name of publisher, distributor, etc | Scholastic, |
| Date of publication, distribution, etc | 2003. |
| 300 ## - PHYSICAL DESCRIPTION | |
| Extent | 64pages ; |
| Dimensions | 21 cm. |
| 520 ## - SUMMARY, ETC. | |
| Summary, etc | Juvenile literature. |
| 650 ## - SUBJECT ADDED ENTRY--TOPICAL TERM | |
| Topical term or geographic name as entry element | Science fiction-American-History and criticism |
| General subdivision | Juvenile literature. |
| Withdrawn status | Lost status | Damaged status | Home library | Current library | Shelving location | Date acquired | Total Checkouts | Full call number | Barcode | Date last seen | Price effective from | Koha item type |
|---|---|---|---|---|---|---|---|---|---|---|---|---|
| Stonyhurst Southville International School (Batangas) | Stonyhurst Southville International School (Batangas) | 06/10/2015 | PS3562.O923 G5837 2003 | US-1145 | 06/10/2015 | 06/10/2015 | Books |